000 00690nam a2200229Ia 4500
001 14160
003 GE_BSU
008 181216s||||||||xx |||||||||||||| ||und||
040 _cGE_BSU
080 _a821.353.1-31
100 _aლისაშვილი,იაკინთე
245 _aკეცხოველი
245 _bრომანი
245 _cრედ:ვ.კიკნაძე. მხატვ. ა.გოგოლაშვილი
260 _aთბილისი
260 _bსაბლიტგამი
260 _c1949
300 _a355გვ;19სმ;
653 _aკეცხოველი
653 _aრომანი
942 _cBK
999 _c47299
_d47299